Juara

Bibliographic Details
Main Author: Junaidah Jamil
Format: Book
Published: Petaling Jaya : Penerbit Pan Earth Sdn. Bhd. , 1996
Series:Siri Novel Dunia Remaja
Subjects:

MARC

LEADER 00000cam a2200000 7i4500
001 0000009651
002 000010515
005 20000330.0
020 |a 9837505214 
090 0 0 |a JF   |b JUN 
100 0 |a Junaidah Jamil 
245 1 0 |a Juara   |c Junaidah Jamil 
260 |a Petaling Jaya :   |b Penerbit Pan Earth Sdn. Bhd. ,   |c 1996 
300 |a 110p. :   |b ill. ;   |c 19cm. 
490 0 |a Siri Novel Dunia Remaja 
650 0 0 |a Children's stories, Malay 
999 |a 045981   |b BUKU   |c PINJAMAN   |e PERPUSTAKAAN KOMUNITI CAW KOTA DAMANSARA